[Sorin Mitu: National Identity of Romanians in Transylvania

Titel: [Sorin Mitu: National Identity of Romanians in Transylvania / Keely Stauter-Halsted
Verfasser:
In: Slavic review, Band 61, Heft 4 (2002), Seite 833
alle Artikel anzeigen
Veröffentlicht: 2002
Format: Aufsatz
Sprache: Englisch
Schlagworte:
Kein Bild verfügbar
X
alg: 51589917
001A    $03025:29-02-24 
001B    $03025:29-02-24 $t09:07:36.000 
001D    $03025:29-02-24 
001U    $0utf8 
001X    $00 
002@    $0Aox 
003@    $0515899178 
006N    $000627879 
007D    $asw021230 
010@    $aeng 
011@    $a2002 
013D    $#Newspapers Sections, columns, etc. Reviews $#Book reviewing $#Journaux Cahiers, chroniques, etc. Comptes rendus $#Livres Recension $#Rezension $#Buchbesprechung $#Buchrezension $#Buchkritik $74049712-4 $8Rezension [Ts1] $9085138568 
021A    $a[Sorin Mitu: National Identity of Romanians in Transylvania $hKeely Stauter-Halsted 
028A    $BVerfasser $#Stauter-Halsted, Keely Diane $#Halsted, Keely Stauter- $4aut $7123246202 $8Stauter-Halsted, Keely$Z1960- [Tp1] $9154211478 
031A    $d61 $e4 $g1 $h833 $j2002 
039B    $aIn $8--Abvc--. Slavic review. - Cambridge : Cambridge University Press, 1961-. - ISSN 0037-6779 $x200200000610004167 $9047271809 
039T    $aRezension von $8--Aau--Mitu, Sorin$Z1965- [Tp1]. National identity of Romanians in Transylvania. - English edition. - Budapest , New York : Central European University Press, [2001]. - 314 Seiten. - ISBN 963-9116-95-5 $9473178583 
045T    $a3,6 $a7,41 

lok: 51589917 78

exp: 51589917 78 1 #EPN
201B/01 $029-02-24 $t09:07:36.000 
201C/01 $029-02-24 
201U/01 $0utf8 
203@/01 $01257035894 
208@/01 $a29-02-24 $be 
209A/01 $a/ $f000 $x00 
209A/01 $ab*p $x01 
220C/01 $apgar 
244Z/01 $#Ungarn $#Ungarn $#Ungarische Räterepublik $#Königreich Ungarn $#Die @Länder der ungarischen Krone $#Transleithanien $#Magyarország $#Magyar Köztársaság $#Magyar Tanácsköztársaság $#Government of the Hungarian Republic $#Zemalja Ugarske Krune $#VNR $#Ungern $#Ungarische Republik $#Republik Ungarn $#Ungarische Volksrepublik $#Volksrepublik Ungarn $#Magyar Népköztársaság $#Hungary $#Hungarian Republic $#Hongrie $#Vengerskaja Narodnaja Respublika $#Hungarian People's Republic $#HPR Hungarian People's Republic $#République Populaire Hongroise $#Ungarische VR $#Republic of Hungary $#Vengrija $74078541-5 $8--Tgz--Ungarn $x08 $9085222712 
247C/01 $82080>Marburg/Lahn, Herder-Institut, Forschungsbibliothek, Bibliographieportal $9336309341
LEADER 00000caa a22000002c 4500
001 515899178
003 DE-603
005 20240229090736.0
007 tu
008 240229s2002 xx |||| | u00||u|eng c
035 |a (DE-599)HEB515899178 
035 |a (NL-LiSWE)00627879 
040 |a DE-603  |b ger  |c DE-603  |d DE-603 
041 |a eng 
084 |a 3,6  |a 7,41  |2 ssgn 
100 1 |a Stauter-Halsted, Keely  |d 1960-  |e Verfasser  |4 aut  |0 (DE-603)154211478  |0 (DE-588)123246202  |2 gnd 
245 0 0 |a [Sorin Mitu: National Identity of Romanians in Transylvania  |c Keely Stauter-Halsted 
264 0 |c 2002 
655 7 |a Rezension  |2 gnd-content  |0 (DE-588)4049712-4  |0 (DE-603)085138568 
773 0 8 |i In  |t Slavic review  |d Cambridge : Cambridge University Press, 1961-  |x 0037-6779  |g Band 61, Heft 4 (2002), Seite 833  |w (DE-603)047271809  |w (DE-600)203404-9 
787 0 8 |i Rezension von  |a Mitu, Sorin, 1965-  |t National identity of Romanians in Transylvania  |b English edition  |d Budapest , New York : Central European University Press, [2001]  |h 314 Seiten  |z 9639116955  |z 9789639116955  |w (DE-603)473178583 
924 0 |9 2080  |a (DE-603)1257035894  |b DE-2080  |c HES  |d d  |g /